La venganza de los dioses moches / (Record no. 23481)

000 -CABECERA
fixed length control field 00744nam a22002177i 4500
003 - IDENTIFICADOR DEL NÚMERO DE CONTROL
control field AR-CdUCM
008 - DATOS DE LONGITUD FIJA--INFORMACIÓN GENERAL
fixed length control field 260122b20232023 pe||||| |||| 00| 0 spa d
020 ## - NÚMERO INTERNACIONAL ESTÁNDAR DEL LIBRO
ISBN 978-612-47128-2-1
040 ## - FUENTE DE LA CATALOGACIÓN
Agencia/entidad que catalogó originalmente la obra MUNICIPALIDAD PROVINCIAL DEL CUSCO
Entidad que transcribió la catalogación BIBLIOTECA MUNICIPAL DEL CUSCO
082 ## - NÚMERO DE LA CLASIFICACIÓN DECIMAL DEWEY
No. de Clasificación ES / 869.56
Notacion interna N558V
100 ## - ENTRADA PRINCIPAL--NOMBRE DE PERSONA
Nombre Personal Nieto Degregori, Luis
245 ## - MENCIÓN DE TÍTULO
Título La venganza de los dioses moches /
260 ## - PUBLICACIÓN, DISTRIBUCIÓN, ETC.
Lugar de publicación, distribución, etc. Lima :
Nombre de la editorial, distribuidor, etc. Editorial Panamericana Perú SAC.
Fecha de publicación, distribución, etc. 2023
300 ## - DESCRIPCIÓN FÍSICA
Nº de Páginas Extensión 105 páginas. :
Dimensiones 21x14 cm.
505 ## - NOTA DE CONTENIDO CON FORMATO
Nota de contenido formateada El paraíso perdido -- El viejo -- El Dios del Mar -- El cien pies cangrejo
650 ## - PUNTO DE ACCESO ADICIONAL DE MATERIA--TÉRMINO DE MATERIA
Descriptor Dioses Moches
9 (RLIN) 52123
856 ## - LOCALIZACIÓN Y ACCESO ELECTRÓNICOS
Dirección electrónica www.editorialpanamericana.com.pe
942 ## - ELEMENTOS DE PUNTO DE ACCESO ADICIONAL (KOHA)
Fuente de clasificación
Tipo de item Libros-BMC
945 ## - PROCESAMIENTO DE INFORMACIÓN LOCAL (OCLC)
Catalogador pbjr
AAAA-MM-DD - Fecha de ingreso o modificacion 22-01-2026
Holdings
Estado de retiro (separado) Fuente de clasificación o esquema de estanterías Estado dañado Ubicación Sala donde se ubica Nombre de la colección Fecha de adquisición o compra Fuente de adquisición Costo, precio normal en soles Signatura topográfica Código de Barras Última vez visto (Koha) Tipo de ítem (Koha)
No     Administrador-biblioteca Administrador-biblioteca Book Cart 2026-01-22     ES / 869.56 / N558V / Ej.2 SI00005094 2026-01-22 Libros-BMC
No     Sala de Infantes Sala de Infantes Book Cart 2026-01-22 Donación 10.00 ES / 869.56 / N558V SI00005093 2026-01-22 Libros-BMC

Powered by Koha